=LDR 00000nam 2200000 4500 =001 INLIS000000000023110 =005 20201229080158 =035 ##$$a 0010-061300000023110 =008 201229################g##########0#ind## =041 ##$$a Ind =082 ##$$a 332.41 =090 ##$$a 332.41, Agm i =100 1#$$a Agmon, Tamir =245 1#$$a Inflasi, disinflasi dan keputusan keuangan. /$c Tamir Agmon =260 ##$$a Jakarta :$b Rineka cipta,$c 1994 =300 ##$$a viii, 144 hlm. : $b ilus. ; $c 21x14 cm =650 #4$$a Inflasi-Keuangan =850 ##$$a NBPNMAT =084 ##$$a 332.41 AGM i =250 ##$$a cet.1 =020 ##$$a 979-518-556-X =990 ##$$a 127.407/Pro.98 =990 ##$$a 127.406/Pro.98 =990 ##$$a 00089084 =990 ##$$a 127.406/Pro.98 =990 ##$$a 127.407/Pro.98 =990 ##$$a 00089084 =990 ##$$a 127.407/Pro.98 =990 ##$$a 127.406/Pro.98 =990 ##$$a 00089084